Methodologies of law and economics / (Record no. 27232)
[ view plain ]
| 000 -LEADER | |
|---|---|
| fixed length control field | 02387cam a22002895a 4500 |
| 001 - CONTROL NUMBER | |
| control field | 19625852 |
| 005 - DATE AND TIME OF LATEST TRANSACTION | |
| control field | 20190314101345.0 |
| 008 - FIXED-LENGTH DATA ELEMENTS--GENERAL INFORMATION | |
| fixed length control field | 170505t2017 xxk frb 001 0 eng d |
| 010 ## - LIBRARY OF CONGRESS CONTROL NUMBER | |
| LC control number | 2017941913 |
| 020 ## - INTERNATIONAL STANDARD BOOK NUMBER | |
| Cancelled/invalid ISBN | 9781847203670 |
| 035 ## - SYSTEM CONTROL NUMBER | |
| System control number | (OCoLC)ocn986972762 |
| 040 ## - CATALOGING SOURCE | |
| Original cataloging agency | YDX |
| Language of cataloging | eng |
| Transcribing agency | YDX |
| Modifying agency | BTCTA |
| -- | CDX |
| -- | OCLCO |
| -- | DLC |
| -- | EG-ScBUE |
| 082 04 - DEWEY DECIMAL CLASSIFICATION NUMBER | |
| Classification number | 340.11 |
| Item number | MET |
| Edition number | 22 |
| 245 00 - TITLE STATEMENT | |
| Title | Methodologies of law and economics / |
| Statement of responsibility, etc | edited by Thomas S. Ulen. |
| 260 ## - PUBLICATION, DISTRIBUTION, ETC. (IMPRINT) | |
| Place of publication, distribution, etc | Cheltenham, UK ; |
| -- | Northampton, MA, USA : |
| Name of publisher, distributor, etc | Edward Elgar Publishing, |
| Date of publication, distribution, etc | c.2017. |
| 300 ## - PHYSICAL DESCRIPTION | |
| Extent | vi, 285 p. ; |
| Dimensions | 25 cm. |
| 490 0# - Series Statement | |
| Series statement | Encyclopedia of law and economics (2nd ed.) ; |
| Volume/sequential designation | 10 |
| 504 ## - BIBLIOGRAPHY, ETC. NOTE | |
| Bibliography, etc | Includes bibliographical references and index. |
| 505 0# - FORMATTED CONTENTS NOTE | |
| Formatted contents note | The changing methodologies of law and economics / Thomas S. Ulen -- The use of eonomics for understanding law : an economist's view of the cathedral / Thomas J. Miceli -- A public choice perspective / Maxwell L. Stearns -- A social choice view of law and economics / Maxwell L. Stearns and Megan J. McGinnis -- Legal philosophy and law and economics / Horacio Spector -- Economic analysis of legal history / Daniel Klerman -- Evolutionary dynamics theory and method / Daria Roithmayr -- A law and economics perspective on legal families / Nuno Garoupa and Mariana Pargendler -- Behavioral law and economics / Thomas S. Ulen -- Empirical law and economics / Thomas S. Ulen. |
| 520 ## - SUMMARY, ETC. | |
| Summary, etc | "When law and economics first became an important part of the legal academy, it was a relatively straightforward application of microeconomic theory to legal issues. However, in the past 40 years the field has expanded its toolkit dramatically. This...[book] maps the methodological territory in law and economics with a series of entries by distinguished scholars. These entries introduce and evaluate the law and economics mechanisms, including: the roles of microeconomic theory, public and social choice, history, complexity theory, philosophy, comparative law studies, behavioral economics and empirical techniques. Each one introduces a methodology, demonstrates its importance to the field of law and economics and assists the reader in navigating the leading literature on that topic." |
| 650 #7 - SUBJECT ADDED ENTRY--TOPICAL TERM | |
| Topical term or geographic name as entry element | Law and economics. |
| Source of heading or term | BUEsh |
| 9 (RLIN) | 35740 |
| 651 ## - SUBJECT ADDED ENTRY--GEOGRAPHIC NAME | |
| Source of heading or term | BUEsh |
| 653 ## - INDEX TERM--UNCONTROLLED | |
| Resource For college | Law |
| Arrived date list | March2019 |
| 655 ## - INDEX TERM--GENRE/FORM | |
| Form subdivision | Reading book |
| 700 1# - ADDED ENTRY--PERSONAL NAME | |
| Personal name | Ulen, Thomas, |
| Relator term | editor. |
| 9 (RLIN) | 41420 |
| 942 ## - ADDED ENTRY ELEMENTS (KOHA) | |
| Source of classification or shelving scheme | Dewey Decimal Classification |
| Withdrawn status | Item status | Source of classification or shelving scheme | Damaged status | Not for loan | Vendor | Home library | Current library | Shelving location | Date acquired | Source of acquisition | Cost, normal purchase price | Total Checkouts | Total Renewals | Full call number | Barcode | Checked out | Date last seen | Date last borrowed | Cost, replacement price | Koha item type |
|---|---|---|---|---|---|---|---|---|---|---|---|---|---|---|---|---|---|---|---|---|
| Dewey Decimal Classification | Baccah | Central Library | Central Library | First floor | 14/03/2019 | Purchase | 2250.00 | 3 | 4 | 340.11 MET | 000044371 | 11/04/2024 | 14/02/2024 | 14/02/2024 | 2812.50 | Book - Borrowing |